000 01256nam a2200301 c 4500
999 _c188519
_d188519
003 BLK
005 20220719144458.0
008 180411b bul|||||r ||||||| ||bul||
010 _aKNG00197537000
040 _aBLK
041 _aBUL
_cBUL
080 _aТопология - Обща алгебрична топология, топологични пространства, аналитични пространства и др.
_b515.1
_z515.1
100 1 _aХаджииванов, Николай Георгиев
_eпърви автор
_9372007
139 _aХаджииванов, Николай Георгиев
_bХ 15
245 1 0 _aУвод в топологията
_bНаучно-попул. очерк
_cНиколай Георгиев Хаджииванов.
257 _aBGR
260 _bНаука и изкуство
_c1972
300 _a272 с.
_bс черт.
_c21 см
380 _a5
490 _aПоредица Съвременна математика
_v3
_9205637
500 _a2 085 тир.
653 _aтопология
852 _aЦб 66144
856 4 _qpdf
856 4 _qpdf
942 _cKNG
_n0
_s1
944 _aCR
_c06.12.2016
_kНаталия_Любомирова
944 _aED
_c06.12.2016
_kНаталия_Любомирова
999 _d188519